000 00722nam a2200277Ia 4500
005 20260324112651.0
008 008 260324s9999 xx 000 0 eng d
020 _a9781003326236
037 _aEBOOK
040 _aCRL
040 _beng
040 _cCRL
041 _2eng
041 _aeng
084 _qCRL
100 _aMohammad S. Obaidat; Padmalaya Nayak; Niranjan K. Ray
_91143654
245 0 _aIntelligent Computing on IoT 2.0, Big Data Analytics, and Block Chain Technology
260 _bTaylor and Francis
260 _c2024
365 _a
365 _b320
856 _uhttp://www.taylorfrancis.com/books/9781003326236
942 _cEBOOK
999 _c1732944
_d1732944